Geopolítica de las drogas
Saved in:
| Main Author: | |
|---|---|
| Format: | Book |
| Language: | Spanish |
| Published: |
Santiago
Lom
2012
|
| Edition: | 1a. ed |
| Series: | Ciencias Políticas. Ciencias Humanas
|
| Subjects: | |
| Tags: |
Add Tag
No Tags, Be the first to tag this record!
|
MARC
| LEADER | 00000cam a2200000 a 4500 | ||
|---|---|---|---|
| 001 | UCF4586 | ||
| 003 | CL-VaPUC | ||
| 008 | 121213e20120000CL |||||||||||||||||spa|d | ||
| 020 | |a 9789560003348 | ||
| 082 | 0 | 4 | |a 394 |b LAB |2 21 |
| 100 | 0 | |a Labrousse, Alain |e author |9 566128 | |
| 245 | 1 | 0 | |a Geopolítica de las drogas |
| 250 | |a 1a. ed | ||
| 300 | |a 114 p | ||
| 942 | |c BK | ||
| 945 | |d 20121213 00:00:00 |a dcastane | ||
| 260 | |a Santiago |b Lom |c 2012 | ||
| 650 | 0 | |a Drogas |9 254877 | |
| 650 | 0 | |a Tráfico de drogas |9 254839 | |
| 583 | |a last modification |c 20121213 11:07:00 |k Rodrigo Vera | ||
| 490 | 0 | |a Ciencias Políticas. Ciencias Humanas | |
| 999 | |c 350342 |d 350340 | ||
| 952 | |0 0 |1 0 |4 0 |6 394_000000000000000_LAB_2012 |7 0 |8 A |9 453624 |a BIBING |b BIBING |d 2019-11-22 |i 4933346 |l 1 |o 394 LAB 2012 |p 4933346 |r 2025-01-20 |s 2022-03-10 |w 2019-11-22 |y BK |k CUI | ||